000 00895nam a2200253Ia 4500
003 OSt
005 20220923213749.0
006 a|||||r|||| 00| 0
007 ta
008 220922b |||||||| |||| 00| 0 hin d
024 _a164,384
037 _cTextual
040 _aARTS
_cARTS
_bhin
041 _2hin
_ahin
082 _aO152,1M89:g, L3
100 _aदीक्षित, सूर्य प्रसाद
_9157573
245 0 _aप्रसाद साहित्य की अन्त चेतना,
246 _aPrasād sāhitya kī anta chetanā,
260 _aजोधपुर
_b कलमघर प्रकाशन
_c1973
300 _a147पृ.
_ccm.
650 _aहिन्दी साहित्य
_9156264
942 _hO152,1M89:g, L3
_cTEXL
_2CC
999 _c318864
_d318864